000 00572cam a22002053a 4500
001 34398
003 PGUSA
005 20140828083737.0
008 110213s2011||||xxu|||||s|||||000 | eng d
040 _aPGUSA
_beng
042 _adc
100 1 _aSnaith, J. C.
_q(John Collis),
_d1876-1936
245 1 0 _aMrs. Fitz
_h[electronic resource] /
_cJ. C. Snaith
260 _bProject Gutenberg,
_c2011
506 _aPublic domain in the USA.
516 _aElectronic text
830 0 _aProject Gutenberg
_v34398
856 4 0 _uhttp://www.gutenberg.org/ebooks/34398
942 _cEB
999 _c263653
_d263653